La question juive en Pologne (Record no. 185069)

MARC details
000 -LEADER
campo de control de longitud fija 00656nam a2200181 i 4500
001 - NÚMERO DE CONTROL
campo de control 185069
003 - IDENTIFICADOR DE NÚMERO DE CONTROL
campo de control ES-MaACL
005 - FECHA Y HORA DE LA ÚLTIMA TRANSACCIÓN
campo de control 20250911063608.0
008 - DATOS DE LONGITUD FIJA--INFORMACIÓN GENERAL
campo de control de longitud fija 160317s1919 pl |||| | fre d
100 1# - ENTRADA PRINCIPAL--NOMBRE DE PERSONA
Nombre de persona Kutrzeba, Stanislaw,
Fechas asociadas al nombre 1876-1946
9 (RLIN) 159115
245 13 - MENCIÓN DEL TÍTULO
Título La question juive en Pologne
Resto del título : essai historique /
Mención de responsabilidad, etc. Stanislaw Kutrzeba.
260 ## - PUBLICACIÓN, DISTRIBUCIÓN, ETC.
Lugar de publicación, distribución, etc. Cracovie :
Nombre del editor, distribuidor, etc. [s.n.],
Fecha de publicación, distribución, etc. 1919 (
Fabricante Imprimerie de l'Université)
300 ## - DESCRIPCIÓN FÍSICA
Extensión 58 p. ;
Dimensiones 22 cm.
500 ## - NOTA GENERAL
Nota general En port.: Publications du bureau des travaux préliminaires pour le Congrès de Paris.
650 #4 - PUNTO DE ACCESO ADICIONAL DE MATERIA--TÉRMINO DE MATERIA
Término de materia o nombre geográfico como elemento de entrada Judíos-
Subdivisión geográfica Polonia.
9 (RLIN) 159116
852 ## - LOCALIZACIÓN
Ubicación ES-MaACL
Número de control de estantería 1715-F-14
Holdings
Estatus retirado Estado de pérdida Estado de daño No para préstamo Colección Biblioteca de origen Biblioteca actual Ubicación en estantería Fecha de adquisición Fuente de adquisición Total de préstamos Signatura topográfica completa Código de barras Visto por última vez Precio de reemplazo Tipo de ítem Koha
        Colección de folletos Biblioteca del Ateneo de Madrid Biblioteca del Ateneo de Madrid Depósito folletos 17/03/2016     1715-F-14 1194937 23/02/2023 23/02/2023 Folleto